00765nam a22002297a 450000500170000001000150001702000260003203500130005803700130007108200080008410000180009224500930011025000160020326000460021927000630026530000240032850000500035252000360040260000290043865000380046765000300050520150713125812.0 aENG-113127 a9789350355534c695.00 aEN-96659 bDBAD/PUB a921 aTahir Mahmood aAmid gods and lords :cby Tahir Mahmoodbliving through Labyrinths of religion and law / a2nd rev. ed aNew DelhibUniversal Law Publishingc2015 aA-58, G.T. Karnal Road Industrial Area,bNew Delhie110033 axiv,394p.c25cm(Hb) aIncludes bibliographical references and index aAutobiography of a law teacher. a Mahmood, Tahir, d1941- aLaw teacherszIndia v Biography. a Religion and lawzIndia.